000 00681nam a2200217 a 4500
005 20210219160115.0
008 080804s1980 mx r 000 0 spa d
020 _a9684322003
035 _aUPN01000158798
049 _aUNE
080 _aOC 912 (084.4) (72) GAR
100 1 _aGarcía de Miranda, Enriqueta
245 1 0 _aAtlas :
_bNuevo Atlas Porrúa de la República Mexicana /
_cEnriqueta García de Miranda, Zaida Falcón de Gyves.
250 _a5a. ed.
260 _aMéxico :
_bPorrúa,
_c1980.
300 _a197 p. :
_bmap.
690 _aMapas - Atlas - México
690 _aMéxico - Mapas - Atlas
700 1 _aFalcón de Gyves, Zaida,
_ecoaut.
905 _aUNESCO
999 _c130912
_d130912